| 000 | 01021cam a2200253 a 4500 | ||
|---|---|---|---|
| 001 | 302 | ||
| 003 | BR-CuiBMT | ||
| 005 | 20231110195117.0 | ||
| 008 | 230928s2017 mgba 000 0 por d | ||
| 020 | _a9788545004080 | ||
| 040 |
_aBR-CuiBMT _cBR-CuiBMT |
||
| 080 |
_22007 _a351.712:502.131.1 |
||
| 090 |
_a351.712:502.131.1 _bR829p |
||
| 100 | 1 | _aRossetti, Suzana Maria | |
| 245 | 1 | 0 |
_aProcessos de contratação pública e desenvolvimento sustentável : _bpremissas teóricas, políticas públicas e medidas concretas, considerando os regimes da Lei nº 8.666/93, Lei nº 10.520/02, Lei nº12.462/2011 e Lei nº 13.303/2016 / _cSuzana M. Rossetti ; Daniel Wunder Hachem, prefácio. |
| 260 |
_aBelo Horizonte : _bFórum, _c2017. |
||
| 300 |
_a341 p. : _bil. ; _c22 cm |
||
| 504 | _aInclui bibliografia. | ||
| 650 |
_aContratações sustentáveis _zBrasil |
||
| 650 |
_aContratação pública _zBrasil |
||
| 650 |
_aLicitação sustentável _zBrasil |
||
| 650 |
_aDesenvolvimento sustentável _zBrasil |
||
| 942 |
_2udc _cLV |
||
| 999 |
_c302 _d302 |
||